=LDR 00000nam 2200000 4500 =001 INLIS000000001053069 =005 20241025032900 =035 ##$$a 0010-1024000228 =007 ta =008 241025################g##########0#ind## =020 ##$$a 979-26-4305-2 =082 ##$$a 297.81 =084 ##$$a 297.81 SIR i =100 #$$a Siradjuddin Abbas =245 1#$$a I'tiqad ahlussunah wal jamaah /$c Siradjuddin Abbas =250 ##$$a Cet. 23 =260 ##$$a Jakarta :$b Pustaka Tarbiyah Baru,$c 2017 =300 ##$$a xvii, 422 hlm. ; $c 21 cm =650 #4$$a Ahlusunnah wal jamaah =990 ##$$a 24782478